00648 a2200193 4500003000400000005001700004008004100021020001800062040000900080082001800089100002700107245006000134250001200194260004600206300001000252942004200262952013300304999001700437OSt20240123101914.0240123b |||||||| |||| 00| 0 eng d a9789392115677 coclc a956.94bKHA/P aKhalidi, Rashid 92964 aPalestine Yudhathinte Nooruvarshangal /cRashid Khalidi a1st ed. aMalappuram:bBook Plus Publishers,c2023. a396p. 2ddccBKh956.94iKHA/Pk956.94mKHA/P 00102ddc40708HISTORYaMESbMEScISLd2024-01-23l0o956.94 KHA/Pp44956r2024-01-23 10:20:08v430.00w2024-01-23yBKzGL44R4 c43294d43294